| 000 | 00447nam a2200145Ia 4500 | ||
|---|---|---|---|
| 008 | 210210b1975 xxu||||| |||| 00| 0 eng d | ||
| 082 | _a581.1 HESP | ||
| 100 | _aHESS (Dieter). | ||
| 245 | _aPlant physiology: molecular, Bio-chemical & physiological fundamentals of metabolism & developement. | ||
| 260 |
_aNew Delhi _bNarosa Publishing House _c1975 |
||
| 300 | _axiv,333 | ||
| 650 | _aPlant Physiology | ||
| 690 | _aBotany | ||
| 906 | _aSG00859 | ||
| 999 |
_c112246 _d112246 |
||